000 00319nam a2200133Ia 4500
008 230917s9999||||xx |||||||||||||| ||und||
040 _e150937
_aMAIN
041 _aEnglish
082 _a809.2 N665N
245 0 _aNobel Prize Library. 3V
260 _aNew York
_bAlexis Gregory
_c1971
300 _av. p.
942 _cBK
999 _c191589
_d191589